Pioneros de la banca dominicana : (Registro nro. 14137)

Detalles MARC
000 -LEADER
fixed length control field 02375nam a2200289 a 4500
001 - CONTROL NUMBER
control field
003 - CONTROL NUMBER IDENTIFIER
control field DO-SdBNP
005 - DATE AND TIME OF LATEST TRANSACTION
control field 20220404085549.0
008 - FIXED-LENGTH DATA ELEMENTS--GENERAL INFORMATION
fixed length control field 090630s1989 dr c 001 0 spa d
040 ## - CATALOGING SOURCE
Original cataloging agency DO-SdBNP
Language of cataloging spa
Transcribing agency BPMSU
082 ## - DEWEY DECIMAL CLASSIFICATION NUMBER
Classification number 332.12097293
Item number M938p 1989
Edition number 22
100 1# - MAIN ENTRY--PERSONAL NAME
Personal name Moya Pons, Frank,
Dates associated with a name 1944-
245 10 - TITLE STATEMENT
Title Pioneros de la banca dominicana :
Remainder of title una historia institucional del Banco Popular Dominicano y del Grupo Financiero Popular /
Statement of responsibility, etc. Frank Moya Pons.
260 ## - PUBLICATION, DISTRIBUTION, ETC. (IMPRINT)
Place of publication, distribution, etc. Santo Domingo :
Name of publisher, distributor, etc. Grupo Financiero Popular,
Date of publication, distribution, etc. 1989.
300 ## - PHYSICAL DESCRIPTION
Extent 406 p. :
Other physical details retr. ;
Dimensions 23 cm.
500 ## - GENERAL NOTE
General note Incluye referencias bibliográficas y notas al pie de las páginas.
500 ## - GENERAL NOTE
General note Incluye índice
505 0# - FORMATTED CONTENTS NOTE
Title Introducción --
Miscellaneous information Capítulo uno: Los orígenes del Banco Popular Dominicano 1954-1965 --
Title Una anéctoda necesaria ;
-- El fin de la dictadura de Trujillo ;
-- La Asociación para el Desarrollo, Inc. ;
-- La Fundación del Banco Popular Dominicano ;
-- Las primeras operaciones del Banco Popular Dominicano --
Miscellaneous information Capítulo dos: El crecimiento del Banco Popular Dominicano 1965-1974 --
Title La crisis económica y la guerra civil ;
-- El nuevo escenario económico ;
-- Las operaciones del Banco Popular Dominicano ;
-- Nuevos negocios del Banco Popular Dominicano ;
-- Los orígenes de la Tenedora Popular, S.A. ;
Miscellaneous information Capítulo tres: La consolidación de Banco Popular Dominicano 1975-1981 --
Title El desarrollo de la Tenedora Popular, S.A. ;
-- Iniciativas y negocios del Banco Popular Dominicano ;
-- Tensiones de crecimiento y liquidez ;
-- Crisis interna en el Banco Popular Dominicano ;
Miscellaneous information Capítulo cuatro: Institucionalización del Grupo Financiero Popular 1979-1986 --
Title Supervivencia, crecimiento y escasez de divisas ;
-- La internacionalización del Grupo Financiero Popular ;
Miscellaneous information Epílogo --
-- Apéndice uno: Dos discurso institucionales --
Title El Banco Popular Dominicano. 1971 --
-- El Banco Popular Dominicano y el Grupo Financiero Popular. 1988 --
Miscellaneous information Apéndice dos: Tablas y gráficos --
-- Apéndice tres: Fotografías --
-- Índice
590 ## - LOCAL NOTE (RLIN)
Local note Inventariado, 2022/VM
610 10 - SUBJECT ADDED ENTRY--CORPORATE NAME
Corporate name or jurisdiction name as entry element Banco Popular Dominicano
General subdivision Historia
610 10 - SUBJECT ADDED ENTRY--CORPORATE NAME
Corporate name or jurisdiction name as entry element Grupo Financiero Popular
General subdivision Historia
650 #4 - SUBJECT ADDED ENTRY--TOPICAL TERM
Topical term or geographic name as entry element Bancos
Geographic subdivision República Dominicana
650 #4 - SUBJECT ADDED ENTRY--TOPICAL TERM
Topical term or geographic name as entry element Instituciones financieras
Geographic subdivision República Dominicana
General subdivision Historia
Chronological subdivision Siglo XX
650 #4 - SUBJECT ADDED ENTRY--TOPICAL TERM
Topical term or geographic name as entry element Finanzas
Geographic subdivision República Dominicana
General subdivision Historia
Chronological subdivision Siglo XX
910 ## - USER-OPTION DATA (OCLC)
User-option data VMateo
942 ## - ADDED ENTRY ELEMENTS (KOHA)
Source of classification or shelving scheme Dewey Decimal Classification
Koha item type Libros
Existencias
Withdrawn status Lost status Source of classification or shelving scheme Damaged status Not for loan Collection code Home library Current library Date acquired Total Checkouts Full call number Barcode Date last seen Copy number Price effective from Koha item type
    Dewey Decimal Classification     Colección Dominicana Biblioteca Pública Metropolitana Salomé Ureña Biblioteca Pública Metropolitana Salomé Ureña 04/01/2022   BPMSU CD 332.1207293 M938p 1989 BPMSU22040004 04/01/2022 04/01/2022 Libros